Statistics for Guess the football player with a white shirt

Click here to take the quiz!

General Stats

  • This quiz has been taken 31 times
  • The average score is 10 of 16

Answer Stats

Answer% Correct
Christiano Ronaldo
100%
Casemiro
97%
Virgil Van Dijk
97%
Zinedine Zidane
97%
Pelé
90%
Serge Gnabry
72%
Dimitri Payet
66%
Ben Chilwell
62%
André Ayew
52%
Marcelo Brozovic
52%
Gonçalo Ramos
48%
Patrick Bamford
48%
Manuel Locatelli
41%
Ferran Torres
38%
Clément Lenglet
34%
Alexis Saelemaekers
28%

Score Distribution

Percentile by Number Answered

Percent of People with Each Score

Your Score History

You have not taken this quiz